1756 1000 1607 1935 1965 1405 1563 1803 1097 1369 1345 1734 1010 1573 1271 1566 1357 1978 1381 1549 1019 1807 1436 1761 1022 1160 1254 1673 1131 1706 1018 1430 1839 1340 1320 1566 1843 1922 1982 1812 1813 1372 1867 1333 1291 1402 1310 1687 1239 1369 1917 1900 1307 1038 1504 1293 1823 1384 1710 1689 1756 1311 1923 1215 1024 1722 1519 1699 1443 1115 1588 1263 1073 1100 1364 1785 1880 1186 1092 1964 1987 1056 1307 1332 1493 1697 1857 1491 1607 1714 1381 1092 1593 1063 1680 1802 1714 1171 1614 BCNSPRNW ULIB Ver.6.0+V

เปลี่ยนเป็นภาษาไทย

Change to English
 แสดงรายละเอียดบรรณานุกรม
  กลับหน้าหลัก

Brief Record : Get Marc (ISO 2709) : E-mail record : QR code < ปิดหน้าต่าง
LEADER : 00000nam 2200000uu 4500
001    13399123618
003     ULIB
008    141019s2552||||th 000 0 tha d
099    วจ.PE1116^bจ262ผ
100 0  จันทร์จิรา เจียรณัย
245 00 ผลของการสอนภาษาอังกฤษบูรณาการกับพยาบาลบุคคลที่มีปัญหาสุขภาพต่อความพึงพอใจและผลสัมฤทธิ์ทางการเรียน ของนักศึกษาพยาบาลศษสตร์ วิทยาลัยพยาบาลบรมราชชนนี สุรินทร์/^cจันทร์จิรา เจียรณัย
260    สุรินทร์:^b,วิทยาลัยพยาบาลบรมราชชนนี สุรินทร์^c2552
945    ^p0^l0^i025772
999    ^aเกษร โพธิ์สุวรรณ
รายการนี้ยังไม่มีแท็ก
คุณยังไม่ได้ล็อกอิน คุณสามารถมีกิจกรรมร่วมกับเว็บไซต์ได้ แต่ต้องล็อกอินก่อน ::
  ล็อกอิน

รายการสื่อสารสนเทศ

ลำดับที่ ประเภท เลขเรียก/บาร์โค้ด สถานที่ สถานะ
1. งานวิจัย
งานวิจัย
วจ.PE1116 จ262ผ ฉ.1 
  Barcode: 025772
ห้องสมุดวิทยาเขตสวรรค์ประชารักษ์
►วิจัย
บนชั้น

BibComment


ยังไม่เคยถูกคอมเมนท์

คอมเมนท์ทรัพยากรรายการนี้
  คอมเมนท์: ผลของการสอนภาษาอั..


 Copyright 2026. Bcnsprnw @Library